000 00362nam a2200133Ia 4500
008 231129s9999||||xx |||||||||||||| ||spa||
020 _a84-01-30292-7
040 _bspa
082 _a813 F251s
100 _aFast Howard
245 0 _aSegunda Generación
264 _aBarcelona EspaƱa : Plaza y Janes
942 _2ddc
_cBKS
999 _c24407
_d24407